Statistiques concernant Culture Générale - Série 1626

Cliquez ici pour prendre le quiz!

Statistiques générales

  • Ce quiz a été pris 61 fois
  • Le résultat moyen est 5 sur 10

Statistiques - réponses

Question Réponse % Correct
Dans "L'Été indien", Joe Dassin chante "On ira où tu voudras...quand tu voudras
84%
Quel célèbre sculpteur français a réalisé "Les Bourgeois de Calais" en 1895 ?Auguste Rodin
74%
Sous quel nom connait-on mieux la chanteuse Olivia Blanc ?Olivia Ruiz
68%
En 1833, Victor Hugo présente un drame en trois actes et en prose, intitulé : "Lucrèce...Borgia
63%
Quelle femme fut la première personne à qui Jésus apparut, après sa résurrection ?Marie-Madeleine
61%
Au cabaret, quel mot composé d'origine anglaise utilise-t-on plus souvent, pour désigner une effeuilleuse ?strip-teaseuse
49%
A quelle femme de lettres doit-on le roman "Les Maîtres sonneurs" en 1853 ?George Sand
37%
Dans la mythologie grecque, quel roi de Phrygie, fils de Gordias, est connu pour ses oreilles d'âne ?Midas
26%
En 1967, quelle chanteuse britannique remporte le Concours Eurovision de la Chanson avec : "Puppet On A String" ?Sandie Shaw
12%
A quel écrivain latin doit-on les ouvrages historiques "Histoires" et "Annales" ?Tacite
11%

Distribution des résultats

Percentile par nombre de réponses

% des personnes avec chaque résultat

Votre développement - résultats

Vous n’avez pas pris ce quiz